| 000 | 00892cab a2200253 4500 | ||
|---|---|---|---|
| 001 | ABS48681 | ||
| 008 | 090401t1993 xxu||||| |||| 00| 0 eng d | ||
| 035 | _a(Sirsi) u68025 | ||
| 041 | _aeng | ||
| 100 | _aThomas, D. | ||
| 245 | _aRevisions of guidelines for aggregates provision | ||
| 260 | _c1993 | ||
| 350 | _a0 | ||
| 490 |
_aCS Monthly : Minerals bulletin _v2(9) June 1993, 3-4(2) |
||
| 520 | _aA new draft MPG6 was published for consultation at the beginning of 1993. This draft MPG6 considers the long term projections of demand for primary aggregates. The article looks at the implementation of the guidelines. | ||
| 650 | _aAGGREGATES | ||
| 650 | _aMINERAL PLANNING GUIDANCE NOTE 6 | ||
| 650 | _aMINERALS PLANNING | ||
| 650 | _aMINERALS PLANNING GUIDANCE NOTE SIX | ||
| 650 | _aPLANNING POLICY | ||
| 690 | _aMINING AND MINERALS | ||
| 942 | _n0 | ||
| 948 | _c04/03/1997 | ||
| 999 |
_c42641 _d42641 |
||